=LDR 00000nam 2200000 4500 =001 INLIS000000000050012 =005 20211026092439 =035 ##$$a 0010-041700000000202 =008 211026################g##########0#ind## =020 ##$$a 978-602-88784-7-3 =040 ##$$a NBPDMAT =082 ##$$a 307.760 959 865 1 =090 ##$$a 307.760 959 865 1 Jan k =100 ##$$a Janual Aidi =245 1#$$a Kota santri kota : $b Kajian sosiologis sebuah kota di Lombok Timur /$c Janual Aidi; Editor , Empu Esa =260 ##$$a Yogyakaarta :$b Pintal,$c 2012 =300 ##$$a xxii, 176 hlm. ; $c 21 x 12 cm. =500 ##$$a Bibliografi : hlm 159 - 164 =650 #4$$a Sosial, Kota - Lombok Timur =700 #$$a Empu Esa =084 ##$$a 307.760 959 865 1 JAN k =990 ##$$a 21605365 =990 ##$$a 21605366 =990 ##$$a 21605367 =990 ##$$a 21605368 =990 ##$$a 21605369